El Residu en la mesura de la ciència per l'acció : comunicació al III Congrés de Filosofia : Heidelberg, 1908 / Eugeni d'Ors comunicació al III Congrés de Filosofia :
Descripción Física:
p. 130-135
Otros Autores:
Congrés de Filosofia (3r : 1908 : Heidelberg)
Materias:
Ciència
MARC
| LEADER | 00000nam a2200000Ia 4500 | ||
|---|---|---|---|
| 001 | |||
| 008 | 160829s9999 xx 000 0 cat d | ||
| 080 | |a 2283 | ||
| 100 | |a Ors, Eugeni d' |9 64786 | ||
| 245 | |a El Residu en la mesura de la ciència per l'acció : |b comunicació al III Congrés de Filosofia : |b Heidelberg, 1908 / Eugeni d'Ors | ||
| 260 | |a [S.l. : |b s.n., s.a.] | ||
| 300 | |a p. 130-135 | ||
| 590 | |a Separata d''Estudis Universitaris Catalans'. | ||
| 590 | |a Relligat juntament amb 'Religio est libertas' / E. d'Ors i amb una introducció manuscrita per l'autor. | ||
| 590 | |a A la coberta: Memoria corresponent al II semestre de la missió d'estudis ... Genève, juliol 1909 | ||
| 650 | |a Ciència |9 6908 | ||
| 700 | |a Congrés de Filosofia (3r : 1908 : Heidelberg) |9 48080 | ||
| 901 | |a Arxiu | ||
| 942 | |n 1 | ||
| 952 | |0 0 |1 0 |4 0 |6 2283 |7 1 |9 54310 |a Arxiu |b Arxiu |d 2016-12-01 |l 0 |o 2283 |r 2016-12-01 00:00:00 |w 2016-12-01 |y ARXIU | ||
| 999 | |c 58179 |d 58179 | ||